division par 3 (700-800) - Statistiques

Statistiques générales
  • Ce quiz a été pris 15 fois
  • Le résultat moyen est 26 sur 30
Statistiques - réponses
nombres / 3 % Correct
702 234
100%
705 235
100%
714 238
100%
717 239
100%
708 236
91%
711 237
91%
723 241
91%
729 243
91%
735 245
91%
738 246
91%
741 247
91%
747 249
91%
753 251
91%
756 252
91%
759 253
91%
765 255
91%
726 242
82%
732 244
82%
744 248
82%
762 254
82%
768 256
82%
771 257
82%
774 258
82%
777 259
82%
783 261
82%
789 263
82%
792 264
82%
798 266
82%
786 262
73%
795 265
73%
Aucun quiz correspondant
Distribution des résultats
% des personnes avec chaque résultat
Percentile par nombre de réponses
Votre historique - résultats
Vous n’avez pas pris ce quiz